000 00790nam a2200193Ii 4500
003 JO-AjNU
008 230605s9999||||xx |||||||||||||| ||und||
040 _aJO-AjNU
_bara
_erda
_cJO-AjNU
041 _aara
050 1 4 _aBP173.75.N55 1999
100 3 _aالنمري، خلف بن سليمان بن صالح,
_eauthor
_932117
245 0 0 _aالخصائص والقواعد الأساسية للإقتصاد الزراعي في الإقتصاد الإسلامي
264 3 1 _aالاسكندرية: مؤسسة شباب الجامعة، 1999
300 _a49ص
336 _atext
_btxt
_2rdacontent
337 _aunmediated
_bn
_2rdamedia
338 _avolume
_bnc
_2rdacarrier
650 4 _aالاقتصاد الاسلامي- الانتاج الزراعي- جوانب اقتصادية
_932118
999 _aA12929
_c16497
_d16497